[Event "2022 Welsh Championship"]
[Site "Cardiff"]
[Date "2022.04.16"]
[Round "4"]
[Board "9"]
[White "Bennett, Patrick"]
[Black "Turner, Joseph David"]
[Result "1-0"]
[WhiteElo "1961"]
[BlackElo "1888"]
[PlyCount "0"]
[EventDate "2022.04.15"]
[EventRounds "7"]
[EventCountry "WLS"]

1. d4 {[%clk 01:30:57]} {[%emt 00:00:03]} Nf6 {[%clk 01:30:57]} {[%emt
00:00:04]} 2. Nf3 {[%clk 01:31:17]} {[%emt 00:00:09]} g6 {[%clk 01:31:10]}
{[%emt 00:00:17]} 3. g3 {[%clk 01:30:35]} {[%emt 00:01:13]} Bg7 {[%clk
01:31:04]} {[%emt 00:00:37]} 4. Bg2 {[%clk 01:30:58]} {[%emt 00:00:07]} O-O
{[%clk 01:30:23]} {[%emt 00:01:11]} 5. c4 {[%clk 01:31:01]} {[%emt 00:00:27]}
d6 {[%clk 01:29:56]} {[%emt 00:00:57]} 6. O-O {[%clk 01:31:23]} {[%emt
00:00:08]} Na6 {[%clk 01:26:34]} {[%emt 00:03:53]} 7. Nc3 {[%clk 01:31:31]}
{[%emt 00:00:21]} c5 {[%clk 01:23:56]} {[%emt 00:03:08]} 8. d5 {[%clk
01:22:54]} {[%emt 00:09:07]} Bd7 {[%clk 01:19:02]} {[%emt 00:05:24]} 9. h3
{[%clk 01:21:57]} {[%emt 00:01:26]} Nc7 {[%clk 01:17:37]} {[%emt 00:01:55]} 10.
a4 {[%clk 01:22:15]} {[%emt 00:00:12]} Rb8 {[%clk 01:07:35]} {[%emt 00:10:32]}
11. Re1 {[%clk 01:20:36]} {[%emt 00:02:08]} a6 {[%clk 00:58:31]} {[%emt
00:09:35]} 12. a5 {[%clk 01:19:50]} {[%emt 00:01:15]} b5 {[%clk 00:55:51]}
{[%emt 00:03:10]} 13. axb6 {[%clk 01:19:35]} {[%emt 00:00:45]} Rxb6 {[%clk
00:53:12]} {[%emt 00:03:09]} 14. e4 {[%clk 01:19:58]} {[%emt 00:00:07]} Rb4
{[%clk 00:47:10]} {[%emt 00:06:32]} 15. Qe2 {[%clk 01:16:19]} {[%emt 00:04:08]}
e6 {[%clk 00:25:47]} {[%emt 00:34:35]} 16. e5 {[%emt 00:07:57]} Nfe8 17. Bf4
dxe5 18. Nxe5 exd5 19. cxd5 Bxe5 20. Bxe5 f6 21. Bf4 Qc8 22. Kh2 Nb5 23. d6
{[%clk 00:54:31]} Rxf4 24. gxf4 {[%clk 00:34:59]} Nexd6 {[%clk 00:04:09]}
{[%emt 00:00:57]} 25. Nd5 {[%clk 00:32:33]} {[%emt 00:02:56]} Kg7 {[%clk
00:03:24]} {[%emt 00:01:15]} 26. Nb6 {[%clk 00:29:49]} {[%emt 00:03:13]} Qc7
{[%clk 00:02:32]} {[%emt 00:01:23]} 27. Nxd7 {[%clk 00:29:43]} {[%emt
00:00:35]} Qxd7 {[%clk 00:02:54]} {[%emt 00:00:08]} 28. Qe7+ {[%clk 00:29:36]}
{[%emt 00:00:37]} Rf7 {[%clk 00:03:03]} {[%emt 00:00:21]} 29. Qxd7 {[%clk
00:29:37]} {[%emt 00:00:29]} Rxd7 {[%clk 00:03:32]} 30. Rxa6 {[%clk 00:29:45]}
{[%emt 00:00:22]} Nd4 {[%clk 00:03:21]} {[%emt 00:00:41]} 31. Rc1 {[%clk
00:25:26]} {[%emt 00:04:48]} c4 {[%clk 00:02:48]} {[%emt 00:01:03]} 32. Rca1
{[%clk 00:19:24]} {[%emt 00:06:32]} N6b5 {[%clk 00:02:23]} {[%emt 00:00:56]} 33.
Bc6 {[%clk 00:19:12]} {[%emt 00:00:42]} Nxc6 {[%clk 00:02:28]} {[%emt
00:00:26]} 34. Rxc6 {[%clk 00:19:39]} {[%emt 00:00:03]} Rd2 {[%clk 00:02:51]}
{[%emt 00:00:07]} 35. Kg3 {[%clk 00:17:13]} {[%emt 00:02:55]} Nd6 {[%clk
00:02:16]} {[%emt 00:01:05]} 36. Kf3 {[%clk 00:13:04]} {[%emt 00:04:39]} Nf5
{[%clk 00:02:01]} {[%emt 00:00:45]} 37. Ra7+ {[%clk 00:13:06]} {[%emt
00:00:28]} Kh6 {[%clk 00:02:16]} {[%emt 00:00:16]} 38. Rxf6 {[%clk 00:12:56]}
{[%emt 00:00:39]} Rxb2 {[%clk 00:01:45]} {[%emt 00:01:01]} 39. Rff7 {[%clk
00:12:06]} {[%emt 00:01:20]} Rb3+ {[%clk 00:02:00]} {[%emt 00:00:16]} 40. Kg4
{[%clk 00:12:01]} {[%emt 00:00:34]}  1-0

[Event "2022 Welsh Championship"]
[Site "Cardiff"]
[Date "2022.04.17"]
[Round "5"]
[Board "1"]
[White "Kozusek, Daniel"]
[Black "Camacho Collados, Jose"]
[Result "1/2-1/2"]
[WhiteElo "2315"]
[BlackElo "2414"]
[PlyCount "0"]
[EventDate "2022.04.15"]
[EventRounds "7"]
[EventCountry "WLS"]

1. d4 {[%clk 01:30:48]} {[%emt 00:00:11]} Nf6 {[%clk 01:30:41]} {[%emt
00:00:19]} 2. c4 {[%clk 01:31:00]} {[%emt 00:00:18]} e6 {[%clk 01:31:02]}
{[%emt 00:00:10]} 3. g3 {[%clk 01:31:21]} {[%emt 00:00:10]} c5 {[%clk
01:31:21]} {[%emt 00:00:11]} 4. d5 {[%clk 01:31:28]} {[%emt 00:00:23]} exd5
{[%clk 01:31:46]} {[%emt 00:00:06]} 5. cxd5 {[%clk 01:31:53]} {[%emt 00:00:05]}
d6 {[%clk 01:32:13]} {[%emt 00:00:02]} 6. Nc3 {[%clk 01:32:01]} {[%emt
00:00:23]} g6 {[%clk 01:32:32]} {[%emt 00:00:10]} 7. Bg2 {[%clk 01:32:15]}
{[%emt 00:00:16]} Bg7 {[%clk 01:32:57]} {[%emt 00:00:06]} 8. Nf3 {[%clk
01:32:40]} {[%emt 00:00:05]} O-O {[%clk 01:33:22]} {[%emt 00:00:05]} 9. O-O
{[%clk 01:33:05]} {[%emt 00:00:04]} Re8 {[%clk 01:32:31]} {[%emt 00:01:21]} 10.
Re1 {[%clk 01:32:27]} {[%emt 00:01:09]} Nbd7 {[%clk 01:30:55]} {[%emt
00:02:06]} 11. e4 {[%clk 01:30:56]} {[%emt 00:02:00]} Ng4 {[%clk 01:28:18]}
{[%emt 00:03:07]} 12. Nd2 {[%clk 01:29:41]} {[%emt 00:01:45]} Nge5 {[%clk
01:23:12]} {[%emt 00:05:36]} 13. Bf1 {[%clk 01:27:42]} {[%emt 00:02:28]} g5
{[%clk 01:20:13]} {[%emt 00:03:29]} 14. a4 {[%clk 01:21:26]} {[%emt 00:06:47]}
Nf6 {[%clk 01:05:38]} {[%emt 00:15:04]} 15. Ra3 {[%clk 01:14:58]} {[%emt
00:06:58]} Bg4 {[%clk 00:58:57]} {[%emt 00:07:11]} 16. f3 {[%clk 01:12:19]}
{[%emt 00:03:09]} Bd7 {[%clk 00:55:23]} {[%emt 00:04:04]} 17. Nc4 {[%clk
01:08:40]} {[%emt 00:04:09]} Nxc4 {[%clk 00:54:09]} {[%emt 00:01:44]} 18. Bxc4
{[%clk 01:09:06]} {[%emt 00:00:04]} h6 {[%clk 00:53:50]} {[%emt 00:00:49]} 19.
a5 {[%clk 00:52:13]} {[%emt 00:17:24]} a6 {[%clk 00:49:49]} {[%emt 00:04:31]}
20. Be3 {[%clk 00:48:07]} {[%emt 00:04:35]} g4 {[%clk 00:45:22]} {[%emt
00:04:58]} 21. Be2 {[%clk 00:47:59]} {[%emt 00:00:37]} Bb5 {[%clk 00:39:12]}
{[%emt 00:06:41]} 22. Nxb5 {[%clk 00:46:02]} {[%emt 00:02:27]} gxf3 {[%clk
00:38:26]} {[%emt 00:01:16]} 23. Bxf3 {[%clk 00:43:37]} {[%emt 00:02:56]} axb5
{[%clk 00:38:44]} {[%emt 00:00:11]} 24. Bf4 {[%clk 00:43:50]} {[%emt 00:00:17]}
b4 {[%clk 00:24:11]} {[%emt 00:15:04]} 25. Ra2 {[%clk 00:42:20]} {[%emt
00:02:00]} Rxa5 {[%clk 00:19:29]} {[%emt 00:05:12]} 26. Rxa5 {[%clk 00:42:14]}
{[%emt 00:00:36]} Qxa5 {[%clk 00:19:57]} {[%emt 00:00:02]} 27. Bxd6 {[%clk
00:40:52]} {[%emt 00:01:51]} Nd7 {[%clk 00:15:38]} {[%emt 00:04:50]} 28. Bh5
{[%clk 00:40:29]} {[%emt 00:00:52]} Nf6 {[%clk 00:11:34]} {[%emt 00:04:35]} 29.
e5 {[%clk 00:36:32]} {[%emt 00:04:27]} Nxh5 {[%clk 00:11:54]} {[%emt 00:00:09]}
30. Qxh5 {[%clk 00:36:58]} {[%emt 00:00:04]} c4 {[%clk 00:11:45]} {[%emt
00:00:40]} 31. e6 {[%clk 00:36:22]} {[%emt 00:01:06]} Rxe6 {[%clk 00:11:59]}
{[%emt 00:00:17]} 32. dxe6 {[%clk 00:26:49]} {[%emt 00:10:03]} Qxh5 {[%clk
00:12:17]} {[%emt 00:00:12]} 33. e7 {[%clk 00:27:16]} {[%emt 00:00:02]} Bd4+
{[%clk 00:10:41]} {[%emt 00:02:06]} 34. Kg2 {[%clk 00:27:30]} {[%emt 00:00:16]}
Qd5+ {[%clk 00:10:37]} {[%emt 00:00:35]} 35. Kh3 {[%clk 00:27:53]} {[%emt
00:00:06]} Qh5+ {[%clk 00:10:19]} {[%emt 00:00:48]} 36. Kg2 {[%clk 00:28:16]}
{[%emt 00:00:08]} Qd5+ {[%clk 00:10:37]} {[%emt 00:00:13]} 37. Kh3 {[%clk
00:28:35]} {[%emt 00:00:11]} Qh5+ {[%clk 00:08:19]} {[%emt 00:02:48]} 38. Kg2
{[%emt 00:00:30]}  1/2-1/2

[Event "2022 Welsh Championship"]
[Site "Cardiff"]
[Date "2022.04.17"]
[Round "5"]
[Board "2"]
[White "Blackburn, Jonathan L B"]
[Black "Bullen, Alex"]
[Result "1-0"]
[WhiteElo "2215"]
[BlackElo "2079"]
[PlyCount "0"]
[EventDate "2022.04.15"]
[EventRounds "7"]
[EventCountry "WLS"]

1. d4 {[%clk 01:30:57]} {[%emt 00:00:02]} d5 {[%clk 01:30:50]} {[%emt
00:00:10]} 2. c4 {[%clk 01:31:24]} {[%emt 00:00:04]} e6 {[%clk 01:31:14]}
{[%emt 00:00:07]} 3. Nc3 {[%clk 01:31:49]} {[%emt 00:00:04]} h6 {[%clk
01:31:34]} {[%emt 00:00:10]} 4. Nf3 {[%clk 01:26:08]} {[%emt 00:06:12]} Nf6
{[%clk 01:31:54]} {[%emt 00:00:09]} 5. a3 {[%clk 01:24:16]} {[%emt 00:02:22]}
a5 {[%clk 01:28:06]} {[%emt 00:04:17]} 6. Bf4 {[%clk 01:20:11]} {[%emt
00:04:37]} Bd6 {[%clk 01:28:26]} {[%emt 00:00:09]} 7. g3 {[%clk 01:16:28]}
{[%emt 00:04:14]} Bxf4 {[%clk 01:20:33]} {[%emt 00:08:22]} 8. gxf4 {[%clk
01:16:50]} {[%emt 00:00:08]} Ne4 {[%clk 01:17:30]} {[%emt 00:03:32]} 9. Nxe4
{[%clk 01:08:17]} {[%emt 00:09:04]} dxe4 {[%clk 01:17:50]} {[%emt 00:00:09]} 10.
Ne5 {[%clk 01:08:40]} {[%emt 00:00:08]} Nc6 {[%clk 01:05:39]} {[%emt 00:12:41]}
11. e3 {[%clk 00:48:12]} {[%emt 00:20:59]} O-O {[%clk 00:52:17]} {[%emt
00:13:51]} 12. Nxc6 {[%clk 00:44:02]} {[%emt 00:04:40]} bxc6 {[%clk 00:52:44]}
{[%emt 00:00:03]} 13. Qc2 {[%clk 00:43:38]} {[%emt 00:00:56]} f5 {[%clk
00:51:53]} {[%emt 00:01:20]} 14. c5 {[%clk 00:43:17]} {[%emt 00:00:52]} Ba6
{[%clk 00:47:50]} {[%emt 00:04:32]} 15. Bxa6 {[%clk 00:41:31]} {[%emt
00:02:16]} Rxa6 {[%clk 00:48:12]} {[%emt 00:00:08]} 16. Qc4 {[%clk 00:41:08]}
{[%emt 00:00:53]} Qc8 {[%clk 00:48:35]} {[%emt 00:00:07]} 17. Rg1 {[%clk
00:40:44]} {[%emt 00:00:54]} Ra8 {[%clk 00:45:30]} {[%emt 00:03:34]} 18. O-O-O
{[%clk 00:39:47]} {[%emt 00:01:27]} Kh7 {[%clk 00:35:08]} {[%emt 00:10:51]} 19.
Rg3 {[%clk 00:34:28]} {[%emt 00:05:50]} g6 {[%clk 00:33:20]} {[%emt 00:02:17]}
20. h4 {[%clk 00:30:33]} {[%emt 00:04:26]} h5 {[%clk 00:33:01]} {[%emt
00:00:48]} 21. Rg5 {[%clk 00:30:39]} {[%emt 00:00:24]} Rg8 {[%clk 00:33:08]}
{[%emt 00:00:23]} 22. Qe2 {[%clk 00:27:09]} {[%emt 00:04:01]} Kh6 {[%clk
00:32:59]} {[%emt 00:00:39]} 23. f3 {[%clk 00:26:50]} {[%emt 00:00:49]} exf3
{[%clk 00:31:20]} {[%emt 00:02:09]} 24. Qxf3 {[%clk 00:27:17]} {[%emt
00:00:03]} Qd7 {[%clk 00:20:42]} {[%emt 00:11:07]} 25. Rdg1 {[%clk 00:26:00]}
{[%emt 00:01:47]} Qd5 {[%clk 00:19:02]} {[%emt 00:02:10]} 26. Qg3 {[%clk
00:25:47]} {[%emt 00:00:43]} Qc4+ {[%clk 00:14:56]} {[%emt 00:04:36]} 27. Kd2
{[%clk 00:26:02]} {[%emt 00:00:14]} e5 {[%clk 00:14:53]} {[%emt 00:00:33]} 28.
Rxg6+ {[%clk 00:26:26]} {[%emt 00:00:07]} Kh7 {[%clk 00:15:19]} {[%emt
00:00:04]} 29. Rg7+ {[%clk 00:26:36]} {[%emt 00:00:19]} Kh8 {[%clk 00:15:43]}
{[%emt 00:00:06]} 30. Qg6 {[%clk 00:26:33]} {[%emt 00:00:33]}  1-0

[Event "2022 Welsh Championship"]
[Site "Cardiff"]
[Date "2022.04.17"]
[Round "5"]
[Board "3"]
[White "Zeidler, Sven P."]
[Black "Toczek, Grzegorz"]
[Result "0-1"]
[WhiteElo "2157"]
[BlackElo "2290"]
[PlyCount "0"]
[EventDate "2022.04.15"]
[EventRounds "7"]
[EventCountry "WLS"]

1. e4 {[%clk 01:30:58]} c5 {[%clk 01:30:22]} {[%emt 00:00:38]} 2. Nc3 {[%clk
01:31:23]} {[%emt 00:00:06]} a6 {[%clk 01:30:38]} {[%emt 00:00:15]} 3. f4
{[%clk 01:29:35]} {[%emt 00:02:18]} e6 {[%clk 01:30:16]} {[%emt 00:00:52]} 4.
d3 {[%clk 01:28:45]} {[%emt 00:01:20]} b5 {[%clk 01:28:32]} {[%emt 00:02:14]} 5.
Nf3 {[%clk 01:24:57]} {[%emt 00:04:19]} d5 {[%clk 01:28:50]} {[%emt 00:00:12]}
6. Qe2 {[%clk 01:24:48]} {[%emt 00:00:39]} Be7 {[%clk 01:17:07]} {[%emt
00:12:13]} 7. g4 {[%clk 01:22:59]} {[%emt 00:02:19]} Bh4+ {[%clk 01:15:03]}
{[%emt 00:02:34]} 8. Nxh4 {[%clk 01:22:37]} {[%emt 00:00:53]} Qxh4+ {[%clk
01:15:28]} {[%emt 00:00:05]} 9. Qf2 {[%clk 01:22:42]} {[%emt 00:00:25]} Qxf2+
{[%clk 01:14:48]} {[%emt 00:01:10]} 10. Kxf2 {[%clk 01:23:09]} {[%emt
00:00:02]} d4 {[%clk 01:13:49]} {[%emt 00:01:29]} 11. Ne2 {[%clk 01:22:19]}
{[%emt 00:01:20]} f6 {[%clk 01:12:14]} {[%emt 00:02:05]} 12. b4 {[%clk
01:13:54]} {[%emt 00:08:56]} e5 {[%clk 01:12:40]} {[%emt 00:00:04]} 13. bxc5
{[%clk 01:14:14]} {[%emt 00:00:10]} Ra7 {[%clk 01:11:12]} {[%emt 00:01:57]} 14.
Rg1 {[%clk 01:01:29]} {[%emt 00:13:15]} Rc7 {[%clk 01:10:29]} {[%emt 00:01:13]}
15. c3 {[%clk 00:59:46]} {[%emt 00:02:14]} dxc3 {[%clk 01:10:08]} {[%emt
00:00:50]} 16. Nxc3 {[%clk 00:55:10]} {[%emt 00:05:06]} Rxc5 {[%clk 01:10:33]}
{[%emt 00:00:05]} 17. Bd2 {[%clk 00:54:53]} {[%emt 00:00:47]} Ne7 {[%clk
01:06:12]} {[%emt 00:04:50]} 18. Rc1 {[%clk 00:54:14]} {[%emt 00:01:11]} b4
{[%clk 01:00:50]} {[%emt 00:05:53]} 19. Ne2 {[%clk 00:51:58]} {[%emt 00:02:45]}
Rxc1 {[%clk 00:59:22]} {[%emt 00:01:58]} 20. Nxc1 {[%clk 00:52:23]} {[%emt
00:00:05]} Nbc6 {[%clk 00:59:29]} {[%emt 00:00:23]} 21. g5 {[%clk 00:48:38]}
{[%emt 00:04:15]} fxg5 {[%clk 00:52:29]} {[%emt 00:07:30]} 22. Rxg5 {[%clk
00:47:50]} {[%emt 00:01:19]} O-O {[%clk 00:51:25]} {[%emt 00:01:33]} 23. f5
{[%clk 00:47:19]} {[%emt 00:01:01]} Kh8 {[%clk 00:47:47]} 24. Rg3 {[%clk
00:41:04]} {[%emt 00:10:53]} a5 {[%clk 00:46:02]} 25. Nb3 {[%clk 00:37:38]}
{[%emt 00:06:11]} Be6 {[%emt 00:02:33]} 26. Be2 {[%clk 00:35:20]} {[%emt
00:00:33]} Bf7 {[%clk 00:33:53]} {[%emt 00:12:50]} 27. Bg5 {[%clk 00:28:20]}
{[%emt 00:07:31]} Ng8 {[%clk 00:33:52]} {[%emt 00:00:31]} 28. Rg1 {[%clk
00:26:08]} {[%emt 00:02:41]} a4 {[%clk 00:27:49]} {[%emt 00:06:34]} 29. Nc5
{[%clk 00:25:03]} {[%emt 00:01:35]} a3 {[%clk 00:27:10]} {[%emt 00:01:09]} 30.
Ra1 {[%clk 00:20:56]} {[%emt 00:04:38]} Nd4 {[%clk 00:19:39]} {[%emt 00:08:01]}
31. Nd7 {[%clk 00:16:29]} {[%emt 00:04:57]} Re8 {[%clk 00:16:16]} {[%emt
00:03:52]} 32. Bd1 {[%clk 00:16:21]} {[%emt 00:00:38]} h6 {[%clk 00:15:03]}
{[%emt 00:01:44]} 33. Bh4 {[%clk 00:14:01]} {[%emt 00:02:49]} Nb5 {[%clk
00:08:22]} {[%emt 00:07:11]} 34. Bg3 {[%clk 00:13:45]} {[%emt 00:00:46]} Nc3
{[%clk 00:08:44]} {[%emt 00:00:09]} 35. Bb3 {[%clk 00:08:18]} {[%emt 00:05:57]}
Bxb3 {[%clk 00:08:16]} {[%emt 00:00:58]} 36. axb3 {[%clk 00:08:41]} {[%emt
00:00:07]} Nf6 {[%clk 00:05:48]} {[%emt 00:02:58]} 37. Nxe5 {[%clk 00:03:58]}
{[%emt 00:05:13]} Rxe5 {[%clk 00:05:58]} {[%emt 00:00:20]} 38. Bxe5 {[%clk
00:04:23]} {[%emt 00:00:05]} Ng4+ {[%clk 00:06:25]} {[%emt 00:00:04]} 39. Ke1
{[%clk 00:04:20]} {[%emt 00:00:33]} Nxe5 {[%clk 00:06:46]} {[%emt 00:00:09]} 40.
Kd2 {[%clk 00:04:21]} {[%emt 00:00:29]} Nc6 {[%clk 00:07:14]} {[%emt 00:00:03]}
41. e5 {[%clk 00:29:40]} {[%emt 00:05:10]} Kg8 {[%clk 00:35:14]} {[%emt
00:02:30]} 42. e6 {[%clk 00:28:13]} {[%emt 00:01:58]} Nd4 {[%clk 00:31:08]}
{[%emt 00:04:35]}  0-1

[Event "2022 Welsh Championship"]
[Site "Cardiff"]
[Date "2022.04.17"]
[Round "5"]
[Board "4"]
[White "Everett, Elijah"]
[Black "Rathbone-Jones, Ifan"]
[Result "1-0"]
[WhiteElo "2217"]
[BlackElo "1915"]
[PlyCount "0"]
[EventDate "2022.04.15"]
[EventRounds "7"]
[EventCountry "WLS"]

1. e4 {[%clk 01:30:57]} {[%emt 00:00:01]} d6 {[%clk 01:30:56]} {[%emt
00:00:05]} 2. d4 {[%clk 01:31:18]} {[%emt 00:00:08]} Nf6 {[%clk 01:31:23]}
{[%emt 00:00:04]} 3. Nc3 {[%clk 01:31:38]} {[%emt 00:00:10]} g6 {[%clk
01:31:49]} {[%emt 00:00:04]} 4. f4 {[%clk 01:31:53]} {[%emt 00:00:15]} Bg7
{[%clk 01:32:15]} {[%emt 00:00:05]} 5. Nf3 {[%clk 01:32:13]} {[%emt 00:00:08]}
c5 {[%clk 01:32:41]} {[%emt 00:00:05]} 6. Bb5+ {[%clk 01:32:12]} {[%emt
00:00:30]} Bd7 {[%clk 01:33:07]} {[%emt 00:00:05]} 7. e5 {[%clk 01:32:28]}
{[%emt 00:00:14]} Ng4 {[%clk 01:33:33]} {[%emt 00:00:04]} 8. Bxd7+ {[%clk
01:32:18]} {[%emt 00:00:40]} Qxd7 {[%clk 01:31:17]} {[%emt 00:02:46]} 9. d5
{[%clk 01:28:49]} {[%emt 00:03:59]} dxe5 {[%clk 01:31:41]} {[%emt 00:00:07]} 10.
h3 {[%clk 01:29:05]} {[%emt 00:00:12]} e4 {[%clk 01:32:04]} {[%emt 00:00:09]}
11. hxg4 {[%clk 01:23:12]} {[%emt 00:06:22]} Bxc3+ {[%clk 01:16:27]} {[%emt
00:16:08]} 12. bxc3 {[%clk 01:22:15]} {[%emt 00:01:26]} exf3 {[%clk 01:13:19]}
{[%emt 00:03:39]} 13. Qxf3 {[%clk 01:21:22]} {[%emt 00:01:22]} Na6 {[%clk
01:13:01]} {[%emt 00:00:49]} 14. c4 {[%clk 01:18:15]} {[%emt 00:03:35]} Nb4
{[%clk 01:05:37]} {[%emt 00:07:56]} 15. Qc3 {[%clk 01:06:35]} {[%emt 00:12:08]}
O-O-O {[%clk 01:05:57]} {[%emt 00:00:11]} 16. a3 {[%clk 01:06:22]} {[%emt
00:00:42]} Na6 {[%clk 01:05:37]} {[%emt 00:00:51]} 17. Qf3 {[%clk 01:04:49]}
{[%emt 00:02:02]} Qa4 {[%clk 00:48:42]} {[%emt 00:17:26]} 18. Qb3 {[%clk
00:59:48]} {[%emt 00:05:30]} Qd7 {[%clk 00:48:57]} {[%emt 00:00:15]} 19. Bb2
{[%clk 00:58:42]} {[%emt 00:01:34]} Rhe8 {[%clk 00:48:02]} {[%emt 00:01:27]} 20.
g5 {[%clk 00:55:08]} {[%emt 00:04:03]} Qf5 {[%clk 00:45:00]} {[%emt 00:03:33]}
21. Qh3 {[%clk 00:40:33]} {[%emt 00:15:04]} e6 {[%clk 00:45:25]} {[%emt
00:00:06]} 22. Qxf5 {[%clk 00:38:42]} {[%emt 00:02:21]} exf5+ {[%clk 00:45:53]}
{[%emt 00:00:02]} 23. Be5 {[%clk 00:38:21]} {[%emt 00:00:48]} h5 {[%clk
00:46:22]} {[%emt 00:00:03]} 24. O-O {[%clk 00:36:45]} {[%emt 00:02:06]} Nc7
{[%clk 00:38:57]} {[%emt 00:07:56]} 25. Rab1 {[%clk 00:34:25]} {[%emt
00:02:49]} Na8 {[%clk 00:30:56]} {[%emt 00:08:32]} 26. Rb5 {[%clk 00:32:53]}
{[%emt 00:02:01]} b6 {[%clk 00:30:09]} {[%emt 00:01:16]} 27. Rfb1 {[%clk
00:31:21]} {[%emt 00:02:02]} Rd7 {[%clk 00:21:51]} {[%emt 00:08:50]} 28. Rxc5+
{[%clk 00:30:18]} {[%emt 00:01:32]} Kb7 {[%clk 00:22:15]} {[%emt 00:00:07]} 29.
Kf2 {[%clk 00:27:32]} {[%emt 00:03:15]} Nc7 {[%clk 00:17:32]} {[%emt 00:05:14]}
30. a4 {[%clk 00:23:08]} {[%emt 00:04:54]} Na6 {[%clk 00:17:46]} {[%emt
00:00:17]} 31. Rc6 {[%clk 00:22:16]} {[%emt 00:01:20]} Rc8 {[%clk 00:16:56]}
{[%emt 00:01:21]} 32. Rxc8 {[%clk 00:21:44]} {[%emt 00:01:02]} Kxc8 {[%clk
00:17:25]} {[%emt 00:00:01]} 33. a5 {[%clk 00:21:42]} {[%emt 00:00:32]} bxa5
{[%clk 00:12:47]} {[%emt 00:05:09]} 34. Ra1 {[%clk 00:20:37]} {[%emt 00:01:34]}
Nb4 {[%clk 00:11:55]} {[%emt 00:01:22]} 35. Rxa5 {[%clk 00:18:03]} {[%emt
00:03:04]} Rb7 {[%clk 00:10:27]} {[%emt 00:01:59]} 36. c5 {[%clk 00:16:47]}
{[%emt 00:01:45]} a6 {[%clk 00:06:18]} {[%emt 00:04:40]} 37. c4 {[%clk
00:15:16]} {[%emt 00:01:59]} Nd3+ {[%clk 00:06:30]} {[%emt 00:00:20]} 38. Ke3
{[%clk 00:14:18]} {[%emt 00:01:28]} Rb3 {[%clk 00:06:29]} {[%emt 00:00:31]} 39.
Kd2 {[%clk 00:14:15]} {[%emt 00:00:32]} Nf2 {[%clk 00:02:51]} {[%emt 00:04:09]}
40. Rxa6 {[%clk 00:12:57]} {[%emt 00:01:48]} Ne4+ {[%clk 00:03:09]} {[%emt
00:00:12]} 41. Kc2 {[%clk 00:13:06]} {[%emt 00:00:19]} Kb7 {[%clk 00:28:23]}
{[%emt 00:05:18]} 42. Ra5 {[%clk 00:42:32]} {[%emt 00:01:02]} Rg3 {[%clk
00:22:39]} {[%emt 00:06:15]} 43. c6+ {[%clk 00:42:21]} {[%emt 00:00:41]} Kb6
{[%clk 00:23:08]} {[%emt 00:00:02]} 44. Rb5+ {[%clk 00:42:30]} {[%emt
00:00:20]} Ka7 {[%clk 00:23:06]} {[%emt 00:00:33]} 45. c7 {[%clk 00:42:12]}
{[%emt 00:00:48]} Rxg2+ {[%clk 00:23:31]} {[%emt 00:00:06]} 46. Kb3 {[%clk
00:41:53]} {[%emt 00:00:47]} Nd2+ {[%clk 00:23:57]} {[%emt 00:00:05]} 47. Kb4
{[%clk 00:42:06]} {[%emt 00:00:17]}  1-0